Environmental education 1-VII TEACHERS GUIDLINES (Record no. 4171)
[ view plain ]
| 000 -LEADER | |
|---|---|
| fixed length control field | 00232nam a22000857a 4500 |
| 008 - FIXED-LENGTH DATA ELEMENTS--GENERAL INFORMATION | |
| fixed length control field | 161125b xxu||||| |||| 00| 0 eng d |
| 100 ## - MAIN ENTRY--PERSONAL NAME | |
| 9 (RLIN) | 1447 |
| Personal name | CBSE |
| 245 ## - TITLE STATEMENT | |
| Title | Environmental education 1-VII TEACHERS GUIDLINES |
| 260 ## - PUBLICATION, DISTRIBUTION, ETC. (IMPRINT) | |
| Place of publication, distribution, etc. | Delhi |
| Name of publisher, distributor, etc. | CBSE |
| Date of publication, distribution, etc. | 2005 |
| Withdrawn status | Lost status | Source of classification or shelving scheme | Damaged status | Koha normalized classification for sorting | Not for loan | Home library | Current library | Shelving location | Date acquired | Total Checkouts | Full call number | Barcode | Date last seen | Price effective from | Koha item type |
|---|---|---|---|---|---|---|---|---|---|---|---|---|---|---|---|
| Dewey Decimal Classification | 363_700000000000000 | Good Samaritan School Library | Good Samaritan School Library | ENVIRONMENT SCIENCE | 11/25/2016 | 363.7 | CBS4868 | 11/25/2016 | 11/25/2016 | BOOK | |||||
| Dewey Decimal Classification | 363_700000000000000 | Good Samaritan School Library | Good Samaritan School Library | ENVIRONMENT SCIENCE | 11/25/2016 | 363.7 | CBS4869 | 11/25/2016 | 11/25/2016 | BOOK |